Riconosci il Pokémon - Quiz n°90 - Statistics

Statistiche generali
  • Questo quiz è stato fatto 2 volte
  • Il punteggio medio è 10 su 10
Statistiche sulle risposte
Indizio Risposta % Corretto
Altezza 1,6 m
100%
Sesso 50% ♂, 50% ♀
100%
Tasso di cattura 75 (17.5%)
100%
Peso 75,6 kg
100%
Pokémon Hypno
100%
Abilità Insonnia; Premonizione; Forza Interiore
100%
Tasso di allevamento Medio-Veloce
100%
Generazione Prima
100%
Stadio evoluzione Prima evoluzione
100%
Tipo Psico
100%
Nessun quiz corrispondente trovato
Distribuzione punteggi
Percentuale di utenti per punteggio
Percentile per numero di risposta
I tuoi punteggi nel tempo
Non hai fatto questo quiz